[Event "AUTO-OPEN-289"]
[Site "http://www.queenalice.com/game.php?id=205614"]
[Date "2007.5.3"]
[Round "3"]
[White "Cientista"]
[Black "ricardoshima"]
[Result "1-0"]
[WhiteElo "2122"]
[BlackElo "1868"]

1. d4 d5 2. c4 e6 3. Nc3 Nf6 4. Bg5 Be7 5. Nf3 h6 6. Bh4 O-O 7. e3 b6 8. Be2 Bb7
9. Bxf6 Bxf6 10. cxd5 exd5 11. b4 a6 12. O-O Nc6 13. Qb3 Ne7 14. Rac1 Ng6 15.
Bd3 Nh4 16. Nxh4 Bxh4 17. Rfd1 b5 18. Ne2 Qd6 19. Bb1 Rfe8 20. Qc2 g6 21. Qxc7
Qxc7 22. Rxc7 Rab8 23. a3 Rec8 24. Rxc8+ Rxc8 25. Rc1 Rxc1+ 26. Nxc1 Kf8 27. Nd3
Be7 28. Nc5 Bxc5 29. dxc5 Ke7 30. Kf1 Ke6 31. Ke2 Ke5 32. f4+ Ke6 33. g4 g5 34.
Bf5+ Ke7 35. Kd3 f6 36. Kd4 Kd8 37. Be6 Bc8 38. Bxc8 Kxc8 39. Kxd5 Kc7 40. f5
1-0

[Event "AUTO-OPEN-289"]
[Site "http://www.queenalice.com/game.php?id=205615"]
[Date "2007.5.3"]
[Round "3"]
[White "ricardoshima"]
[Black "Cientista"]
[Result "0-1"]
[WhiteElo "1862"]
[BlackElo "2126"]

1. e4 c5 2. Nf3 e6 3. d4 cxd4 4. Nxd4 Nf6 5. Nc3 d6 6. Bc4 Be7 7. Bb3 Nc6 8. Be3
O-O 9. O-O Bd7 10. h3 a6 11. a3 Na5 12. Ba2 Qc7 13. Qd3 Rfc8 14. Rfe1 b5 15. Bf4
e5 16. Nf5 Bxf5 17. exf5 exf4 18. Nd5 Nxd5 19. Qxd5 Bf6 20. c3 Nc4 21. Rab1 Qc6
22. Bxc4 bxc4 23. Rbd1 Qxd5 24. Rxd5 Rc6 25. Re4 Be5 26. f3 h5 27. Kf2 h4 28.
Re2 Kf8 29. Rc2 Ke7 30. Ke2 Rb6 31. Rdd2 Kf6 32. Rd5 Rab8 33. Rdd2 Kxf5 34. Kf2
d5 35. Kf1 Rd8 36. Ke2 d4 37. cxd4 Rxd4 38. Rxd4 Bxd4 39. Rxc4 Rxb2+ 40. Kf1 Bb6
41. Rc1 Rf2+ 0-1

[Event "AUTO-OPEN-716"]
[Site "http://www.queenalice.com/game.php?id=231607"]
[Date "2007.6.28"]
[Round "1"]
[White "franzjonas"]
[Black "Cientista"]
[Result "0-1"]
[WhiteElo "1262"]
[BlackElo "2148"]

1. e4 e5 2. Nc3 Nf6 3. Nf3 Nc6 4. Bc4 Nxe4 5. Nxe4 d5 6. Bd3 dxe4 7. Bxe4 Bd6 8.
d4 Nxd4 9. Nxd4 exd4 10. Qxd4 O-O 11. b3 Qe7 12. O-O Rd8 13. Re1 Bxh2+ 14. Kxh2
Qh4+ 0-1

[Event "AUTO-OPEN-716"]
[Site "http://www.queenalice.com/game.php?id=231608"]
[Date "2007.6.28"]
[Round "1"]
[White "Cientista"]
[Black "franzjonas"]
[Result "1-0"]
[WhiteElo "2147"]
[BlackElo "1264"]

1. d4 Nf6 2. c4 e6 3. Nf3 g6 4. Nc3 d5 5. Bg5 Bg7 6. e3 O-O 7. Be2 Nbd7 8. cxd5
exd5 9. Nxd5 Re8 10. O-O Nf8 11. Nxf6+ Bxf6 12. Bxf6 Qxf6 13. Qb3 b6 14. Rfc1
1-0

[Event "AUTO-OPEN-716"]
[Site "http://www.queenalice.com/game.php?id=231632"]
[Date "2007.6.28"]
[Round "1"]
[White "Cientista"]
[Black "FrankGM"]
[Result "1-0"]
[WhiteElo "2131"]
[BlackElo "1100"]

1. d4 h5 2. e4 d5 3. exd5 Qxd5 4. Nc3 Qe6+ 5. Be2 Qg6 6. Nd5 Qc6 7. Bb5 Qxb5 8.
Nxc7+ Kd8 9. Nxb5 a6 10. Nc3 Nc6 11. Nf3 Nf6 12. Ne5 Bf5 13. Nxf7+ 1-0

[Event "AUTO-OPEN-716"]
[Site "http://www.queenalice.com/game.php?id=231647"]
[Date "2007.6.28"]
[Round "1"]
[White "Cientista"]
[Black "CampbellMarcel"]
[Result "1-0"]
[WhiteElo "2170"]
[BlackElo "947"]

1. e4 e6 2. d4 d5 3. Nd2 Nc6 4. Ngf3 Nge7 5. Bd3 dxe4 6. Nxe4 Nf5 7. c3 a6 8.
O-O h6 9. Qa4 Bd7 10. Qc2 b5 11. a4 b4 12. Qe2 bxc3 13. bxc3 a5 14. d5 Nce7 15.
Nc5 Nd6 16. Ne5 Nxd5 17. Ncxd7 Nxc3 18. Qf3 1-0

[Event "AUTO-OPEN-716"]
[Site "http://www.queenalice.com/game.php?id=231648"]
[Date "2007.6.28"]
[Round "1"]
[White "CampbellMarcel"]
[Black "Cientista"]
[Result "0-1"]
[WhiteElo "1801"]
[BlackElo "2149"]

1. e4 Nf6 2. Nc3 d5 3. Bb5+ c6 4. Bd3 e5 5. exd5 cxd5 6. Nge2 Nc6 7. Bb5 d4 8.
Na4 Qd5 9. Bxc6+ Qxc6 10. c4 Bd7 11. b3 Qxg2 12. Ng3 d3 13. Bb2 Bg4 14. Qb1 Ne4
15. Rf1 Rd8 16. Bxe5 Nxg3 17. Bxg3 Qe4# 0-1

[Event "AUTO-MASTER-366"]
[Site "http://www.queenalice.com/game.php?id=257234"]
[Date "2007.8.18"]
[Round "1"]
[White "allazzarini"]
[Black "Cientista"]
[Result "0-1"]
[WhiteElo "2053"]
[BlackElo "2171"]

1. e4 e6 2. d4 d5 3. Nd2 c5 4. c3 Nc6 5. Ngf3 Nf6 6. e5 Nd7 7. Bd3 g5 8. h3 h6
9. b3 h5 10. Nf1 Qa5 11. Bd2 Qb6 12. Be3 cxd4 13. cxd4 Rg8 14. Nxg5 Bb4+ 15. Nd2
Bxd2+ 16. Kxd2 Nxd4 17. Nxf7 Qa5+ 18. Kc1 Nxb3+ 19. Qxb3 Kxf7 20. Bd4 Nc5 21.
Qc2 Bd7 22. Rd1 Ba4 23. Qd2 Nxd3+ 24. Qxd3 Rac8+ 25. Kb1 Qb4+ 26. Bb2 Bc2+ 0-1

[Event "AUTO-MASTER-366"]
[Site "http://www.queenalice.com/game.php?id=257235"]
[Date "2007.8.18"]
[Round "1"]
[White "Cientista"]
[Black "allazzarini"]
[Result "1-0"]
[WhiteElo "2191"]
[BlackElo "1973"]

1. d4 Nf6 2. c4 g6 3. Nc3 Bg7 4. e4 d6 5. f3 Nbd7 6. Be3 O-O 7. Nge2 c5 8. Qd2
Qc7 9. b3 a6 10. g4 b5 11. cxb5 Bb7 12. g5 Nh5 13. bxa6 Bxa6 14. Rd1 Rfc8 15.
Nd5 Qd8 16. dxc5 Nxc5 17. Nd4 e6 18. Bxa6 Nxa6 19. Nc3 Nb4 20. O-O d5 21. Ndb5
dxe4 22. Qxd8+ Rxd8 23. Rxd8+ Rxd8 24. fxe4 Rd3 25. Bc5 Nc6 26. Rd1 Rxd1+ 27.
Nxd1 Nf4 28. Be3 Nd3 29. Kg2 Ncb4 30. a3 Nc2 31. Kf3 Bf8 32. Ke2 Ne5 33. Bf4 Nc6
34. b4 Nxa3 35. Nxa3 Bxb4 36. Nc4 Be7 37. Nf2 f6 38. gxf6 Bxf6 39. Nd3 Nd4+ 40.
Ke3 Nc2+ 41. Kd2 Nd4 42. Nde5 Nb3+ 43. Ke2 Nd4+ 44. Kd3 Nb3 45. Be3 g5 46. Nc6
g4 47. Kc2 Na1+ 48. Kb1 Nb3 49. Ka2 Na1 50. e5 Bh4 51. Kxa1 g3 52. hxg3 Bxg3 53.
Nd8 h5 54. Nxe6 Bxe5+ 55. Nxe5 h4 56. Ng5 Kg7 57. Nef3 Kf6 58. Kb2 Kf5 59. Nxh4+
Kg4 60. Nhf3 Kf5 61. Kc3 Kg4 62. Kd4 Kf5 63. Kd5 Kg4 64. Ke4 Kg3 65. Bf4+ Kf2
66. Nd4 Kg2 67. Ke3 Kf1 68. Kf3 Ke1 69. Ne4 Kf1 70. Bg3 1-0

[Event "AUTO-MASTER-366"]
[Site "http://www.queenalice.com/game.php?id=257252"]
[Date "2007.8.18"]
[Round "1"]
[White "Cientista"]
[Black "Roman"]
[Result "1-0"]
[WhiteElo "2184"]
[BlackElo "1935"]

1. d4 d5 2. c4 Nf6 3. cxd5 Nxd5 4. e4 Nf6 5. Bd3 c6 6. Nf3 e6 7. Nc3 Be7 8. O-O
O-O 9. Qc2 h6 10. Bf4 Nbd7 11. Rad1 Nh5 12. Bd2 Nhf6 13. Rfe1 Re8 14. a3 b6 15.
e5 Nd5 16. Nxd5 cxd5 17. Rc1 Rb8 18. Qa4 Ra8 19. Bb5 a6 20. Rc3 axb5 21. Qxa8 b4
22. axb4 1-0

[Event "AUTO-MASTER-366"]
[Site "http://www.queenalice.com/game.php?id=257253"]
[Date "2007.8.18"]
[Round "1"]
[White "Roman"]
[Black "Cientista"]
[Result "0-1"]
[WhiteElo "1941"]
[BlackElo "2179"]

1. e4 e5 2. Nf3 d6 3. d4 exd4 4. Nxd4 g6 5. Bc4 c5 6. Nf3 Be6 7. Bd5 Nc6 8. Nc3
Bg7 9. O-O Nge7 10. Re1 O-O 11. Bg5 h6 12. Be3 g5 13. h3 Rb8 14. a3 b5 15. Rb1
b4 16. axb4 Rxb4 17. Bc1 Bxc3 18. Re3 Bg7 19. b3 Bd4 20. Nxd4 Rxd4 21. Qf3 Bxd5
22. exd5 Ne5 23. Qh5 Nxd5 24. Rg3 Kg7 25. Bb2 Nf4 26. Rxg5+ hxg5 0-1

[Event "AUTO-MASTER-366"]
[Site "http://www.queenalice.com/game.php?id=257254"]
[Date "2007.8.18"]
[Round "1"]
[White "Cientista"]
[Black "CCapivara"]
[Result "1-0"]
[WhiteElo "2161"]
[BlackElo "2046"]

1. d4 d6 2. e4 Nf6 3. Nc3 c6 4. f4 g6 5. Nf3 Bg7 6. Bd3 O-O 7. O-O Bg4 8. Be3
Nbd7 9. h3 Bxf3 10. Qxf3 e5 11. dxe5 dxe5 12. f5 h6 13. Bc4 Kh7 14. Bxf7 gxf5
15. Qxf5+ Kh8 16. Qe6 b5 17. Rad1 Qc7 18. Bg6 a5 19. Rd6 Rac8 20. Bf5 Rce8 21.
Rxc6 Qb7 22. Qd6 b4 23. Rc7 Qb8 24. Bxd7 Rd8 25. Bxh6 Nxd7 26. Bxg7+ Kxg7 27.
Qxe5+ Kg8 28. Qg5+ 1-0

[Event "AUTO-MASTER-366"]
[Site "http://www.queenalice.com/game.php?id=257255"]
[Date "2007.8.18"]
[Round "1"]
[White "CCapivara"]
[Black "Cientista"]
[Result "0-1"]
[WhiteElo "2080"]
[BlackElo "2151"]

1. e4 c6 2. d4 d5 3. exd5 cxd5 4. Nf3 Nf6 5. Bd3 Nc6 6. O-O Bg4 7. c3 Qc7 8. Bg5
Ne4 9. Bh4 e6 10. Bg3 Nxg3 11. fxg3 Be7 12. Nbd2 e5 13. dxe5 Qb6+ 14. Kh1 Qxb2
15. Rb1 Qxc3 16. Bb5 O-O 17. Qa4 Bd7 18. Rb3 Qc5 19. Qf4 f6 20. exf6 Bxf6 21.
Qc7 Rad8 22. Qxb7 Na5 23. Qa6 Nxb3 0-1

[Event "AUTO-OPEN-716"]
[Site "http://www.queenalice.com/game.php?id=285940"]
[Date "2007.10.13"]
[Round "2"]
[White "ItsYouThatIAdore"]
[Black "Cientista"]
[Result "0-1"]
[WhiteElo "1827"]
[BlackElo "2196"]

1. e4 c5 2. Nf3 Nc6 3. d4 cxd4 4. Nxd4 Nf6 5. Nc3 e5 6. Ndb5 d6 7. Bg5 a6 8. Na3
b5 9. Nab1 Be7 10. Nd2 b4 11. Nd5 Nxd5 12. exd5 Bxg5 13. dxc6 Be6 0-1

[Event "AUTO-OPEN-716"]
[Site "http://www.queenalice.com/game.php?id=285941"]
[Date "2007.10.13"]
[Round "2"]
[White "Cientista"]
[Black "ItsYouThatIAdore"]
[Result "1-0"]
[WhiteElo "2197"]
[BlackElo "1825"]

1. d4 d5 2. Nf3 c5 3. e3 e6 4. c4 Nc6 5. Bd3 Nf6 6. O-O Bd6 7. b3 Qc7 8. cxd5
Nxd5 9. Na3 Nc3 10. Qd2 cxd4 11. exd4 Bb4 12. Nc2 Nd5 13. Nxb4 1-0

[Event "AUTO-OPEN-716"]
[Site "http://www.queenalice.com/game.php?id=312792"]
[Date "2007.11.30"]
[Round "3"]
[White "Cientista"]
[Black "bepke"]
[Result "1/2-1/2"]
[WhiteElo "2198"]
[BlackElo "2274"]

1. d4 d5 2. c4 c6 3. Nc3 e6 4. e3 Nf6 5. Nf3 Nbd7 6. Bd3 dxc4 7. Bxc4 b5 8. Bd3
a6 9. e4 c5 10. d5 c4 11. dxe6 fxe6 12. Bc2 Qc7 13. O-O Bc5 14. Qe2 Ne5 15. Nxe5
Qxe5 16. Be3 Bxe3 17. Qxe3 Ng4 18. Qh3 h5 19. Bd1 g5 20. Be2 Bd7 21. a3 Bc6 22.
Rad1 Rd8 23. f4 gxf4 24. Bxg4 hxg4 25. Qxg4 Rxd1 26. Rxd1 Ke7 27. h3 Qf6 28. Rf1
e5 29. Rd1 Rd8 1/2-1/2

[Event "AUTO-OPEN-716"]
[Site "http://www.queenalice.com/game.php?id=312793"]
[Date "2007.11.30"]
[Round "3"]
[White "bepke"]
[Black "Cientista"]
[Result "1-0"]
[WhiteElo "2280"]
[BlackElo "2200"]

1. e4 c5 2. Nf3 Nc6 3. d4 cxd4 4. Nxd4 Nf6 5. Nc3 e5 6. Ndb5 d6 7. Bg5 a6 8. Na3
b5 9. Nd5 Be7 10. Nxe7 Nxe7 11. Bxf6 gxf6 12. Qf3 f5 13. exf5 Bxf5 14. Bd3 Bxd3
15. Qxd3 Qc7 16. c3 Rg8 17. Nc2 Rxg2 18. Qxh7 Qc6 19. O-O-O Qf3 20. Ne3 Rg6 21.
Qh4 Kd7 22. Kb1 Rag8 23. Rhe1 Nf5 24. Qb4 Rh8 25. Nd5 Qxf2 26. Rf1 Qe2 27. h4
Rg2 28. Qb3 Rf2 29. Rfe1 Qf3 30. Qa3 Re2 31. Rf1 Qe4+ 32. Ka1 Qc2 33. Nb4 Qa4
34. Qxa4 bxa4 35. Rxf5 Ke6 36. Rdf1 Re1+ 37. Rxe1 Kxf5 38. Rf1+ Ke6 39. Nxa6 f5
40. Rh1 f4 41. Kb1 Kf5 42. Kc2 Kg4 43. h5 Rh6 44. b4 axb3+ 45. axb3 f3 46. Kd3
e4+ 47. Ke3 Kg3 48. Nb4 Kg2 49. Rh4 Kg3 50. Rxe4 Rf6 51. Nd3 f2 52. Nxf2 Rf3+
53. Kd4 Rxf2 54. h6 Rd2+ 55. Ke3 Rh2 56. Re6 Kg4 57. Rxd6 Kf5 58. Kd4 Rh4+ 59.
Kd5 Rh3 60. Rc6 1-0